00765 2200241 4500001002100000005001500021035002000036007000300056008004100059020002200100082001100122084001700133100003700150245013500187250003500322260003200357300002700389650002400416700002900440520003000469990001200499990001200511INLIS00000000000197620180521023823 a0010-0518000046ta180521 g 0 ind  a978-979-1254-11-3 a297.63 a297.63 ABU u0 aABU, Anas Ali bin Husain Abu Luz1 aUlasan Lengkap Tawassul Antara Realita & Bimbingan Syariat /cAbu Anas Ali bin Husain Abu Luz; penerjemah, Muhammad Iqbal Amrullah acet.5.-- serial buku DH ke-177 aJakarta :bDarul Haq,c2016 aviii, 170 hlm ;c21 cm aTAWASUL DAN WASILAH0 aMUHAMMAD, Iqbal Amrullah aBibliografi: hlm. 169-170 a16656 a a16656 b